Presidents del Govern de les Illes Balears - Estadísticas

Estadísticas generales
  • Esta prueba ha sido intentada 94 veces
  • La puntuación promedio es 7 de 10
Estadísticas de respuestas
Període Respuesta % Correcto
2015-actualitat Francina Armengol
97%
2011-2015 José Ramón Bauzá
89%
1999-2003 Francesc Antich
85%
2007-2011 Francesc Antich
85%
1996-1999 Jaume Matas
80%
2003-2007 Jaume Matas
80%
1983-1995 Gabriel Cañellas
72%
1995-1996 Cristòfol Soler
61%
1978-1982 Jeroni Albertí
48%
1982-1983 Francesc Tutzó
41%
No se encontraron pruebas coincidentes
Distribución de puntuación
Porcentaje de gente con cada puntuación
Porcentaje por número respondido
Historial de tus puntuaciones
No has intentado esta prueba.